000 00466nam a22001937a 4500
003 MPLRDC
005 20220104113904.0
008 210129b ||||| |||| 00| 0 eng d
020 _a957-674-054-1
082 _a848.4 MY v.6
100 _a莫言著
245 _a梦境与杂种
_c
250 _a初版
260 _a
_b洪范书店有限公司
_c1994
300 _b
490 _a洪范文学丛书;252
650 _a现代别集
942 _cBK
_o848.4 MY v.6
999 _c3152
_d3142